000 00559nam a22001817a 4500
999 _c193395
_d193395
005 20221027151307.0
010 _aENG-135559
020 _c175.00
_a9788187745211
035 _aEN-119091
037 _bDBAD/PUB
082 _a230.1
100 _aSrinivas usha k.
245 _aDasaavataaras/
_cBy Usha k. srinivas
260 _aHyderabad
_bYugadi publishers
_c2012
270 _a304, sridurga rajeev residency vijayapuri, tarnaka
_bHyderabad
_e500017
_myugadipubli@yahoo.com
300 _a141p.
_c22Cm(pbk)
942 _2ddc
_cEN
_mSRI
_h230.1